Città più popolose Stati Uniti - Statistics

Statistiche generali
  • Questo quiz è stato fatto 337 volte
  • Il punteggio medio è 18 su 30
Statistiche sulle risposte
Popolazione Stato Città % Corretto
8 478 072 New York New York
100%
3 878 704 California Los Angeles
98%
2 721 308 Illinois Chicago
91%
702 251 District of Columbia Washington
90%
827 526 California San Francisco
89%
678 922 Nevada Las Vegas
86%
673 458 Massachusetts Boston
81%
2 390 125 Texas Houston
81%
1 326 087 Texas Dallas
80%
1 573 916 Pennsylvania Philadelphia
79%
1 404 452 California San Diego
76%
708 995 Washington Seattle
73%
729 019 Colorado Denver
70%
1 673 164 Arizona Phoenix
68%
993 588 Texas Austin
60%
645 705 Michigan Detroit
59%
1 526 656 Texas San Antonio
58%
712 919 Oklahoma Oklahoma City
56%
891 484 Indiana Indianapolis
55%
635 749 Oregon Portland
42%
568 271 Maryland Baltimora
38%
610 919 Tennessee Memphis
37%
943 476 Carolina del Nord Charlotte
35%
704 963 Tennessee Nashville
35%
997 368 California San Jose
33%
1 009 833 Florida Jacksonville
31%
933 263 Ohio Columbus
30%
681 723 Texas El Paso
30%
1 008 106 Texas Fort Worth
18%
640 796 Kentucky Louisville
16%
Nessun quiz corrispondente trovato
Distribuzione punteggi
Percentuale di utenti per punteggio
Percentile per numero di risposta
I tuoi punteggi nel tempo
Non hai fatto questo quiz